| 000 | 00672cam a2200157ua 4500 | ||
|---|---|---|---|
| 020 | _a81 85068 57 7 | ||
| 041 |
_aeng _h |
||
| 082 |
_a028.7362 _b |
||
| 110 | 1 |
_aInternational commission on irrigation . _b _c() |
|
| 245 | _aMultilinqual technical dictionary on irrigation and drainage English-French | ||
| 260 |
_a : _bInternational commission on irrigation , _c1996. |
||
| 300 | _a1262 ; . | ||
| 504 | _a | ||
| 942 | _cBK | ||
| 999 |
_c6320 _d6320 |
||